000 00736nam a2200289Ia 4500
005 20260324150241.0
008 008 260324s9999 xx 000 0 eng d
020 _a9781003470243
037 _aEBOOK
040 _aCRL
040 _beng
040 _cCRL
041 _2eng
041 _aeng
084 _qCRL
100 _aElisabeth Beazley
_91225779
245 4 _aThe Countryside on View
245 2 _bA Handbook on Countryside Centres, Field Museums and Historic Buildings Open to the Public
260 _bTaylor and Francis
260 _c1971
365 _a
365 _b120
856 _uhttp://www.taylorfrancis.com/books/9781003470243
942 _cEBOOK
999 _c1834898
_d1834898